Statistiques concernant Pays visités par Taylor Swift

Cliquez ici pour prendre le quiz!

Statistiques générales

  • Ce quiz a été pris 121 fois
  • Le résultat moyen est 62 sur 72

Réponses sur la Carte

Les réponses sont colorées sur une échelle allant du rouge au vert en fonction du pourcentage des utilisateurs qui les ont devinées à leur premier essai. Vous pouvez retrouver ces pourcentages ci-dessous.
 

Statistiques - réponses

TournéeNombre de datesPays% Correct
Fearless Tour85Etats-Unis
100%
The 1989 World Tour56Etats-Unis
100%
Red Tour60Etats-Unis
100%
Speak Now World Tour72Etats-Unis
100%
Reputation Stadium Tour38Etats-Unis
100%
The Eras Tour62Etats-Unis
100%
The Eras Tour6France
100%
Speak Now World Tour1France
100%
Red Tour6Canada
99%
Reputation Stadium Tour2Canada
99%
The Eras Tour6Canada
99%
Fearless Tour8Canada
99%
The 1989 World Tour7Canada
99%
Speak Now World Tour7Canada
99%
Red Tour1Allemagne
98%
The Eras Tour7Allemagne
98%
The 1989 World Tour2Allemagne
98%
Speak Now World Tour1Allemagne
98%
The Eras Tour4Mexique
98%
The Eras Tour1Espagne
97%
Speak Now World Tour1Espagne
97%
The Eras Tour2Italie
96%
Speak Now World Tour1Italie
96%
The Eras Tour13Royaume-Uni
96%
The 1989 World Tour3Royaume-Uni
96%
Speak Now World Tour3Royaume-Uni
96%
Fearless Tour6Royaume-Uni
96%
Red Tour5Royaume-Uni
96%
The Eras Tour7Australie
95%
Reputation Stadium Tour4Australie
95%
The 1989 World Tour7Australie
95%
Fearless Tour7Australie
95%
Speak Now World Tour9Australie
95%
Red Tour4Australie
95%
The Eras Tour6Brésil
95%
The Eras Tour2Portugal
95%
The Eras Tour2Suisse
95%
Reputation Stadium Tour2Japon
94%
Speak Now World Tour3Japon
94%
Red Tour1Japon
94%
The 1989 World Tour2Japon
94%
The Eras Tour4Japon
94%
Fearless Tour1Japon
94%
Red Tour1Chine
93%
The 1989 World Tour3Chine
93%
The Eras Tour3Argentine
91%
The 1989 World Tour2Irlande
88%
Speak Now World Tour1Irlande
88%
Reputation Stadium Tour2Irlande
88%
The Eras Tour3Irlande
88%
The Eras Tour3Suède
88%
The 1989 World Tour1Pays-Bas
86%
Speak Now World Tour1Pays-Bas
86%
Speak Now World Tour1Belgique
85%
The Eras Tour3Pays-Bas
82%
Speak Now World Tour1Norvège
81%
The Eras Tour3Pologne
79%
Speak Now World Tour3Nouvelle-Zélande
75%
Reputation Stadium Tour1Nouvelle-Zélande
75%
Red Tour3Nouvelle-Zélande
75%
The Eras Tour3Autriche
73%
Red Tour1Indonésie
66%
Speak Now World Tour1Corée du Sud
63%
Speak Now World Tour1Singapour
60%
The Eras Tour6Singapour
60%
Red Tour2Singapour
60%
The 1989 World Tour2Singapour
60%
Red Tour1Philippines
53%
Speak Now World Tour1Philippines
53%
Red Tour1Malaisie
36%
Speak Now World Tour1Qatar
24%
Speak Now World Tour1Hong Kong
3%

Distribution des résultats

Percentile par nombre de réponses

% des personnes avec chaque résultat

Votre développement - résultats

Vous n’avez pas pris ce quiz